00823nam a22002297a 450000500170000001000150001702000260003203500130005803700130007108200110008410000190009524500700011425000650018426000310024927000830028030000270036350000190039070000180040994200250042799900170045295201240046920140926125436.0 aENG-110891 a9789351431763c795.00 aEN-94423 bDBAD/PUB a345.54 aPillai, P.S.A. aP.S.A. Pillai's criminal law /cby P S A Pillai [and] K I Vibhute a12th ed incorporating the criminal law (Amendment) Act, 2013 aGurgaonbLexis Nexisc2014 a14th Floor, Building No.10, Tower-B, DLF Cyber City, Phase-IIbGurgaone122002 acxiv,966p. c25cm(pbk) aIncludes index aVibhute, K.I. 2ddccENmPILh345.54 c88733d88733 001040718NFICaDBADbDBADd2014-09-17eDBAD/PUBg795.00l0o345.54 PILpEN-94423r2014-09-17 00:00:00t1v795.00yEN